CIVIL PROCEDURE CODE & LIMITATION ACT (Record no. 11005)

MARC details
000 -LEADER
fixed length control field 00310nam a22001337a 4500
003 - CONTROL NUMBER IDENTIFIER
control field SGT
082 ## - DEWEY DECIMAL CLASSIFICATION NUMBER
Classification number 347.05,S.R.A.
100 ## - MAIN ENTRY--PERSONAL NAME
Personal name S.R.A. ROSEDAR
245 ## - TITLE STATEMENT
Title CIVIL PROCEDURE CODE & LIMITATION ACT
260 ## - PUBLICATION, DISTRIBUTION, ETC. (IMPRINT)
Place of publication, distribution, etc GURGAON
Name of publisher, distributor, etc LEXIS NEXIS
Year of Publication 2014
300 ## - PAGE DESCRIPTION
No. of Pages 348
650 ## - SUBJECT ADDED ENTRY--TOPICAL TERM
Topical term or geographic name as entry element CIVIL PROCEDURE CODE
942 ## - ADDED ENTRY ELEMENTS (KOHA)
Source of classification or shelving scheme Dewey Decimal Classification
Koha item type Books
Holdings
Withdrawn status Lost status Source of classification or shelving scheme Damaged status Not for loan Collection code Home library Current library Shelving location Date acquired Vendor Name Cost, normal purchase price SGTU Full call number Accession No. (Barcode) Date last seen Bill Date Koha item type
    Dewey Decimal Classification   Not For Loan LAW SGT Science & Social Sciences Library SGT Science & Social Sciences Library Reference Book 23/02/2017 DONATE 180.00 SGTU 347.05,S.R.A. FL687 23/02/2017 23/02/2017 Books